Cambrian and Ordovician stratigraphy and oil and gas possibilities in Indiana.

Bibliographic Details
Main Author: Gutstadt, Allan M.
Format: Book
Language:English
Published: Bloominton, [publisher not identified] ; 1958.
Series:Indiana. Geological Survey. Bulletin no.14
Subjects:

MARC

Tag First Indicator Second Indicator Subfields
LEADER 00000cam a2200000 4500
001 in00000261821
005 20151010055216.0
008 780914s1958 inuab s00000 eng d
010 |a gs 59000192  
035 |a (OCoLC)04224924 
035 |9 ABD0073AM 
040 |a GIL  |c UUM  |d TXA  |d UtOrBLW 
049 |a TXAM  |c [350456] 
050 0 0 |a QE109  |b .A32 no.14 
100 1 |a Gutstadt, Allan M. 
245 1 0 |a Cambrian and Ordovician stratigraphy and oil and gas possibilities in Indiana. 
264 1 |a Bloominton,  |b [publisher not identified] ;  |c 1958. 
300 |a 103p :  |b maps(1 folded in pocket)diagrams,tables. ;  |c 23 cm. 
336 |a text  |b txt  |2 rdacontent 
337 |a unmediated  |b n  |2 rdamedia 
338 |a volume  |b nc  |2 rdacarrier 
490 0 |a Indiana. Geological Survey. Bulletin no.14 
504 |a Bibliography: pages 100-103. 
650 0 |a Geology, Stratigraphic  |y Cambrian. 
650 0 |a Geology, Stratigraphic  |y Ordovician. 
650 0 |a Petroleum  |z Indiana. 
650 0 |a Natural gas  |z Indiana. 
999 |a MARS 
999 f f |s 3ef1f93c-ccb2-3357-9acd-b98f71363a69  |i da8a4e6a-4caf-3e0d-bd1b-4e0dc4853f9d  |t 0 
952 f f |a Texas A&M University  |b College Station  |c Sterling C. Evans Library  |s Evans stk  |d Evans: Library Stacks  |t 0  |e QE109 .A32 no.8-14  |h Library of Congress classification 
998 f f |a QE109 .A32 no.8-14  |t 0  |l Evans: Library Stacks